The Use of alternatives in drug research / (Record no. 3616)
[ view plain ]
| 000 -LEADER | |
|---|---|
| fixed length control field | 00996cam a2200289 i 4500 |
| 003 - CONTROL NUMBER IDENTIFIER | |
| control field | CaAEU |
| 005 - DATE AND TIME OF LATEST TRANSACTION | |
| control field | 20220127091114.0 |
| 008 - FIXED-LENGTH DATA ELEMENTS--GENERAL INFORMATION | |
| fixed length control field | 821015t19801979enka 1 1 0 eng d |
| 020 ## - INTERNATIONAL STANDARD BOOK NUMBER | |
| International Standard Book Number | 0333270142 |
| 040 ## - CATALOGING SOURCE | |
| Transcribing agency | ALUPE UNIVERSITY COLLEGE |
| 049 ## - LOCAL HOLDINGS (OCLC) | |
| Holding library | QMU |
| 050 #4 - LIBRARY OF CONGRESS CALL NUMBER | |
| Classification number | RS 122 |
| Item number | .U84 1980 |
| 060 #0 - NATIONAL LIBRARY OF MEDICINE CALL NUMBER | |
| Classification number | QV 20.5 U85 1980 |
| 090 00 - LOCALLY ASSIGNED LC-TYPE CALL NUMBER (OCLC); LOCAL CALL NUMBER (RLIN) | |
| Classification number (OCLC) (R) ; Classification number, CALL (RLIN) (NR) | RS 122 U84 1980 |
| Local cutter number (OCLC) ; Book number/undivided call number, CALL (RLIN) | AEU |
| 245 04 - TITLE STATEMENT | |
| Title | The Use of alternatives in drug research / |
| Statement of responsibility, etc. | edited by Andrew N. Rowan, Carl J. Stratmann. |
| 260 ## - PUBLICATION, DISTRIBUTION, ETC. | |
| Place of publication, distribution, etc. | London : |
| Name of publisher, distributor, etc. | Macmillan, |
| Date of publication, distribution, etc. | 1980, c1979. |
| 300 ## - PHYSICAL DESCRIPTION | |
| Extent | xii, 190 p. : |
| Other physical details | ill. ; |
| Dimensions | 23 cm. |
| 336 ## - CONTENT TYPE | |
| Content type term | text |
| Content type code | txt |
| Source | rdacontent |
| 337 ## - MEDIA TYPE | |
| Media type term | unmediated |
| Media type code | n |
| Source | rdamedia |
| 338 ## - CARRIER TYPE | |
| Carrier type term | volume |
| Carrier type code | nc |
| Source | rdacarrier |
| 500 ## - GENERAL NOTE | |
| General note | Based on a Symposium organised by the Fund for the Replacement of Animals in Medical Experiments. |
| 650 #0 - SUBJECT ADDED ENTRY--TOPICAL TERM | |
| Topical term or geographic name entry element | Drugs |
| General subdivision | Research |
| Form subdivision | Congresses. |
| 700 1# - ADDED ENTRY--PERSONAL NAME | |
| Personal name | Rowan, Andrew N. |
| 700 1# - ADDED ENTRY--PERSONAL NAME | |
| Personal name | Stratmann, Carl J. |
| 710 2# - ADDED ENTRY--CORPORATE NAME | |
| Corporate name or jurisdiction name as entry element | Fund for the Replacement of Animals in Medical Experiments. |
| 942 ## - ADDED ENTRY ELEMENTS (KOHA) | |
| Source of classification or shelving scheme | |
| Koha item type | Book |
| Suppress in OPAC | PW |
| Withdrawn status | Lost status | Source of classification or shelving scheme | Damaged status | Not for loan | Permanent Location | Current Location | Shelving location | Date acquired | Source of acquisition | Total Checkouts | Full call number | Barcode | Date last seen | Price effective from | Koha item type | Public note | Copy number |
|---|---|---|---|---|---|---|---|---|---|---|---|---|---|---|---|---|---|
| AU LIBRARY | AU LIBRARY | Open Shelf | 27.01.2022 | DONATION FROM MOI UNIVERSITY | RS 122 .U84 1980 | 28004938 | 27.01.2022 | 27.01.2022 | Book | PW | |||||||
| AU LIBRARY | AU LIBRARY | Open Shelf | 23.03.2022 | DONATION FROM MOI UNIVERSITY | RS 122 .U84 1980 C2 | 28006357 | 23.03.2022 | 23.03.2022 | Book | MM | 2 |